Sydney Harbour Beach Map Quiz - Statistics

General Stats
  • This quiz has been taken 17 times
  • The average score is 7 of 41
Answers on the Map
Answers color-coded by a green-red scale on the quiz's map according to % correct below.
 
Answer Stats
Answer % Correct
Manly Cove
57%
Watsons Bay
50%
Clontarf
36%
Double Bay
36%
Quarantine
36%
Rose Bay
36%
Chinamans
29%
Little Manly Cove
29%
Parsley Bay
29%
Shark
29%
Balmoral
21%
Bradleys Head
21%
Fairlight
21%
Forty Baskets
21%
Obelisk
21%
Castle Rock
14%
Cobblers
14%
Delwood
14%
Hermit
14%
Kutti
14%
Milk
14%
Reef
14%
Store
14%
Athol
7%
Bellamy
7%
Camp Cove
7%
Chowder Bay
7%
Collins
7%
Dirty Haul
7%
Edwards
7%
Gibsons
7%
Hayes Street
7%
Lady Bay
7%
Lady Martins
7%
Queens
7%
Seven Shillings
7%
Sirius Cove
7%
Taylors Bay
7%
Tingara
7%
Washaway
7%
Whiting
7%
No matching quizzes found
Score Distribution
Percent of People with Each Score
Percentile by Number Answered
Your Score History
You have not taken this quiz